000 00350nam a2200133Ia 4500
005 20250729165808.0
008 250729s2014 xx 000 0 und d
041 _aeng
082 _a200.25 SHAE
100 _aShashikala A
_9233167
245 _aExploring Woman
260 _aMangalore
_bSt.Anns Colleg of Educaion
_c2014
650 _aEducation
_9233168
999 _c240146
_d240146